01423nam a2200241Ia 4500001001100000003001000011008004100021040002500062041001400087100004200101245006400143250001200207260007000219300001200289500026000301501011400561520026000675650002800935942000700963957000600970999004300976952016201019L264-20372IT-CnALBA170116s9999||||xx |||||||||||||| ||und|| aIT-CnALBAcIT-CnALBA aFRANCESE  aGUERANGER PROSPERO, ABATE DI SOLESMES 0aL'ANNEE LITURGIQUE. LE TEMPS APRES LA PENTECOTE. VOL. III.  a10a ed. aPARISbOUDIN FRERES. LIBRAIRIE RELIG. PARISc1911 [1° Ed.: n.d.] a596 p.  aTEMPO DOPO LA PENTECOSTE. ASPETTO LITURGICO DEL TEMPO. PROPRIO DEI SANTI. MARCELLINO PIETRO ERASMO MARTIRI. SANTA CLOTILDE. S. FRANCESCO CARACCIOLO. S. BONIFACIO APOSTOLO DELLA GERMANIA. S. NORBERTO. S. MARGHERITA REGINA DI SCOZIA. S. ANTONIO DA PADOVA. B aSocietà San Paolo EM - Piazza San Paolo, 14 - 12051 ALBA (CN) (non commercial uses only) ® Copyright 2017 aTEMPO DOPO LA PENTECOSTE. ASPETTO LITURGICO DEL TEMPO. PROPRIO DEI SANTI. MARCELLINO PIETRO ERASMO MARTIRI. SANTA CLOTILDE. S. FRANCESCO CARACCIOLO. S. BONIFACIO APOSTOLO DELLA GERMANIA. S. NORBERTO. S. MARGHERITA REGINA DI SCOZIA. S. ANTONIO DA PADOVA. B aCULTO PUBBLICO LITURGIA cBK 71 a25110bSI g Copie: 1 c279490d279490 0010406L_2642037271aALBAbALBAd2017-01-16l0oL264-20372r2017-01-16 00:00:00w2017-01-16yBKz(data import: 16 gennaio 2017) - By Epidotti, Vaglietti.